Normal view
MARC view
- Hussain, Iqbal S.
Entry Personal Name
001 - CONTROL NUMBER
- control field: 10265
003 - CONTROL NUMBER IDENTIFIER
- control field: NUST
005 - DATE AND TIME OF LATEST TRANSACTION
- control field: 20180427045831.0
008 - FIXED-LENGTH DATA ELEMENTS
- fixed length control field: 180427|| aca||aabn | a|a d
040 ## - CATALOGING SOURCE
- Original cataloging agency: NUST
- Transcribing agency: NUST
100 ## - HEADING--PERSONAL NAME
- Personal name: Hussain, Iqbal S.
- Fuller form of name: (Iqbal Syed)
670 ## - SOURCE DATA FOUND
- Source citation: Work cat.: (NUST)0: Hussain, Iqbal S. (Iqbal Syed), Terrorism in action :, 2003.
